| 000 | 01471nam a2200385Ia 4500 | ||
|---|---|---|---|
| 001 | dia_2457 | ||
| 003 | CHAP | ||
| 005 | 20241209091124.0 | ||
| 007 | ta | ||
| 008 | 220117s2002 mx bo fr 001 0 spa d | ||
| 040 |
_cCHAP _amxchpua |
||
| 090 |
_aT.C.346 _bL49 IAI _c2002 |
||
| 245 | 1 | 0 |
_aSituación actual de la agricultura, ganadería y la agroindustria en la región sur del Estado de Sinaloa / _ccoordinador Gabriel Leyva Ruelas ; colaboradores María Acero Oseguera...[et al.] |
| 260 |
_aMéxico : _bEl autor, _c2002 |
||
| 300 |
_a88 hojas : _bmapas, tablas, fotos |
||
| 336 |
_2rdacontent _atexto _btxt |
||
| 337 |
_2rdamedia _asin medio _bn |
||
| 338 |
_2rdacarrier _avolumen _bnc |
||
| 502 |
_aViaje de Estudios _b(IAI) -- _cUACh. Departamento de Ingeniería Agroindustrial, _d2002 |
||
| 504 | _aBibliografía: hoja 89 | ||
| 650 | 1 | 3 |
_aAgricultura _9152903 _zMéxico _zSinaloa |
| 650 | 1 | 3 |
_aGanaderia _9152907 _zMéxico _zSinaloa |
| 650 | 1 | 3 |
_aIndustrias agrícolas _9152908 _zMéxico _zSinaloa |
| 650 | 1 | 3 |
_aAgricultural industry _9152904 _zMexico _zSinaloa |
| 650 | 1 | 3 |
_aAgriculture _9152905 _zMexico _zSinaloa |
| 650 | 1 | 3 |
_aCattle _9152906 _zMexico _zSinaloa |
| 700 | 1 |
_aLeyva Ruelas, Gabriel _9152794 _ecoordinador |
|
| 700 | 1 |
_aAcero Oseguera, María _ecolaborador _9155467 |
|
| 901 | _aT.C.346 L49 IAI 2002 | ||
| 902 | _aM | ||
| 905 | _a5232272002 mx bd 8223123322spa16 | ||
| 942 | _2local | ||
| 942 | _cVE | ||
| 999 |
_c172980 _d172980 |
||